[Event "Ricany op-B"]
[Site "Ricany"]
[Date "2008.08.30"]
[Round "9"]
[White "Soltysova, P."]
[Black "Zadnik, Stepan"]
[Result "0-1"]
[WhiteElo "1250"]
[BlackElo "1250"]
[PlyCount "72"]
[EventDate "2008.08.23"]
[EventType "swiss"]
[EventRounds "9"]
[EventCountry "CZE"]
[SourceTitle "CBM 126 Extra"]
[Source "ChessBase"]
[SourceDate "2008.11.05"]
[SourceVersion "1"]
[SourceVersionDate "2008.11.05"]
[SourceQuality "1"]

1. e4 e6 2. Nf3 d5 3. e5 Nc6 4. Bb5 Bd7 5. 0-0 Nh6 6. d4 g6 7. Nc3 Nf5 8. Bg5 Be7 9. Bxe7 Qxe7 10. Re1 Qb4 11. Rb1 0-0-0 12. a3 Qa5 13. b4 Qxa3 14. Bxc6 Bxc6 15. Qd2 Qa6 16. b5 Qb6 17. bxc6 Qxc6 18. Ng5 Rd7 19. Nb5 Kb8 20. Qc3 Qxc3 21. Nxc3 Nxd4 22. Rb2 c5 23. Ne2 Nf5 24. c3 a6 25. g4 Nh4 26. Rb6 a5 27. Nh3 Nf3+ 28. Kf1 Nxh2+ 29. Kg2 Nxg4 30. Ng3 Re7 31. Rbb1 h5 32. f3 Nh6 33. Nf1 Nf5 34. Ng3 Nxg3 35. Kxg3 b5 36. Ra1 Rh6 0-1